| 000 | 00754nam a2200241 a 4500 | ||
|---|---|---|---|
| 001 | 60705 | ||
| 003 | BD-RjUL | ||
| 005 | 20211209080856.0 | ||
| 008 | 170102s1967 paua 000 0 eng d | ||
| 035 | _a(BD-RjUL)60829 | ||
| 040 |
_aDLC _cDLC _dBD-RjUL _beng |
||
| 041 | _aeng | ||
| 082 |
_a658.15 _223 _bFIN 1967 |
||
| 245 | 1 | 0 |
_aFinancial decision-making / _cedited by Edward J. Mock |
| 260 |
_aScranton : _bInternational Textbook Co, _c1967. |
||
| 300 |
_axiii, 953 p. : _bill ; _c24 cm. |
||
| 490 | 1 | _aAn ITC publication in finance | |
| 650 |
_aCorporations _xFinance. _9175109 |
||
| 650 |
_aBusiness enterprises _xFinance. _9177739 |
||
| 700 |
_aMock, Edward J. _9180864 |
||
| 830 | 3 |
_aAn ITC publication in finance _9180860 |
|
| 942 |
_2ddc _cBK |
||
| 999 |
_c60705 _d60705 |
||